Loading...
Introduction to solids
| Hovedforfatter: | |
|---|---|
| Format: | Printed Book |
| Udgivet: |
Bombay
Tata Mc Graw-Hill
1977
|
| Fag: |
| LEADER | 00489cam a2200169ua 4500 | ||
|---|---|---|---|
| 020 | |a 0-07-099219-3 | ||
| 082 | |a 548 |b AZA/I | ||
| 100 | |a Azaroff, Leonid V | ||
| 245 | 1 | 0 | |a Introduction to solids |
| 260 | |a Bombay |b Tata Mc Graw-Hill |c 1977 | ||
| 300 | |a xiv, 460p. | ||
| 500 | |a Includes index. | ||
| 650 | |a Crystallography | ||
| 650 | 0 | |a Chemistry | |
| 942 | |c BK | ||
| 999 | |c 8942 |d 8942 | ||
| 952 | |0 0 |1 0 |4 0 |6 548_000000000000000_AZAI |7 0 |9 9330 |a KUCL |b KUCL |d 2014-05-23 |l 0 |o 548 AZA/I |p 02265 |r 2014-05-23 |y BK | ||